| 000 | 00679cam0a220024100 4500 | ||
|---|---|---|---|
| 001 | lce00786860 | ||
| 008 | 730924s1973 ilua b 001 0 eng | ||
| 010 | _a 72092177 | ||
| 020 | _a0398027358 | ||
| 035 | _a(Sirsi) r68014 | ||
| 035 | _a(DLC) 72092177 | ||
| 035 | _a(UPRA)lce00786860 | ||
| 040 | _dUPRA | ||
| 050 | 0 |
_aRJ416.L4 _bP62 |
|
| 082 | _a618.9/21/55 | ||
| 100 | 1 |
_aPochedly, Carl. _6A28923.1 |
|
| 245 | 1 | 4 | _aThe child with leukemia. |
| 260 |
_aSpringfield, IL : _bThomas, _c[1973] |
||
| 504 | _aIncludes bibliographical references. | ||
| 650 | 0 |
_aLeukemia in children. _6S20985.1 |
|
| 949 |
_aRJ416.L4 _wLC _i-91179 _mMEDICAL _tBOOK _lON-SHELF |
||
| 004 | 68014 | ||
| 999 |
_c44525 _d44525 |
||